[Event "2.BLO 1617 SK König Plauen - SK Göggi"]
[Site "?"]
[Date "2016.12.03"]
[Round "5.6"]
[White "Pfretzschner, Roland"]
[Black "Stankovic, Milos"]
[Result "0-1"]
[WhiteElo "2207"]
[BlackElo "2381"]
[PlyCount "80"]
[EventDate "2016.??.??"]

1. e4 c5 2. Nf3 d6 3. Bb5+ Nd7 4. d4 cxd4 5. Qxd4 a6 6. Bxd7+ Bxd7 7. Bg5 h6 8.
Bh4 Rc8 9. Nc3 e5 10. Qd3 g5 11. Bg3 Nf6 12. O-O-O Qc7 13. h4 g4 14. Nd2 b5 15.
Kb1 b4 16. Nd5 Nxd5 17. exd5 Bg7 18. f4 O-O 19. f5 Bb5 20. Qe4 h5 21. f6 Bxf6
22. Qf5 Bg7 23. Rc1 Bd7 24. Qxh5 f5 25. Qg5 Qd8 26. Qxd8 Rfxd8 27. Bf2 Bh6 28.
Rcd1 e4 29. Bb6 Re8 30. g3 e3 31. Nb3 e2 32. Rde1 Re4 33. Ba5 Bb5 34. a3 bxa3
35. bxa3 Bg7 36. Rh2 Re3 37. Nd2 Rxa3 38. Nb3 Bd3 39. cxd3 Rxb3+ 40. Ka2 Rb5
0-1

[Event "2.BLO 1617 SK König Plauen - SK Göggi"]
[Site "?"]
[Date "2016.12.03"]
[Round "5.7"]
[White "Schmittdiel, Eckhard"]
[Black "Hoerr, Matthias"]
[Result "1-0"]
[WhiteElo "2451"]
[BlackElo "2183"]
[PlyCount "61"]
[EventDate "2016.??.??"]

1. e4 c5 2. c3 Nf6 3. e5 Nd5 4. d4 cxd4 5. Bc4 e6 6. Bxd5 exd5 7. Qxd4 d6 8.
Qxd5 Nc6 9. exd6 Bxd6 10. Qe4+ Ne7 11. Nf3 O-O 12. O-O Re8 13. Re1 Qc7 14. Nbd2
Bd7 15. Nf1 Ng6 16. Qc2 Bc6 17. Re3 Rxe3 18. Bxe3 Bxf3 19. gxf3 Re8 20. Qa4 Re5
21. Rd1 Qe7 22. Qxa7 f5 23. Qd4 Re6 24. f4 Qf7 25. Ng3 h5 26. Qd5 Ne7 27. Qxb7
g5 28. Rxd6 Rxd6 29. Qb8+ Nc8 30. Qxc8+ Qf8 31. Qxf8+ 1-0

[Event "2.BLO 1617 SK König Plauen - SK Göggi"]
[Site "?"]
[Date "2016.12.03"]
[Round "5.8"]
[White "Fischer, Edwin"]
[Black "Kukov, Velislav"]
[Result "0-1"]
[WhiteElo "2124"]
[BlackElo "2363"]
[PlyCount "72"]
[EventDate "2016.??.??"]

1. c4 Nc6 2. g3 e5 3. Bg2 Bc5 4. Nc3 a6 5. e3 d6 6. a3 Ba7 7. Nge2 Nge7 8. b4
Be6 9. Nd5 Qd7 10. Bb2 O-O 11. O-O Bg4 12. Re1 Rae8 13. Qc2 Nd8 14. d4 Ng6 15.
f3 Be6 16. e4 f5 17. c5 c6 18. Nb6 Bxb6 19. cxb6 fxe4 20. fxe4 Bh3 21. Rf1 Qg4
22. dxe5 dxe5 23. Bxh3 Qxh3 24. Nc3 Ne6 25. Qg2 Qh5 26. Rxf8+ Rxf8 27. Rf1 Nd4
28. Rxf8+ Nxf8 29. Kf1 Nfe6 30. Ne2 Nf3 31. h4 Qg4 32. Ng1 Nfd4 33. Ke1 Nf4 34.
Qf1 Qxg3+ 35. Kd2 Qh2+ 36. Ke1 Nc2+ 0-1

[Event "2.BLO 1617 Bad Mergentheim - SK König "]
[Site "?"]
[Date "2016.12.04"]
[Round "6.1"]
[White "Plat, Vojtech"]
[Black "Ikonnikov, Vyacheslav"]
[Result "0-1"]
[WhiteElo "2532"]
[BlackElo "2548"]
[PlyCount "66"]
[EventDate "2016.??.??"]

1. d4 Nf6 2. c4 e6 3. g3 Bb4+ 4. Nd2 O-O 5. Bg2 d5 6. Ngf3 b6 7. O-O Bb7 8. Ne5
Be7 9. Qc2 Nfd7 10. Nxd7 Nxd7 11. e4 c6 12. b3 c5 13. exd5 exd5 14. cxd5 Bf6
15. Bb2 cxd4 16. Nc4 Nc5 17. Qf5 Re8 18. Rfe1 Rxe1+ 19. Rxe1 b5 20. d6 Bxg2 21.
Qxc5 bxc4 22. Kxg2 c3 23. Ba3 Qd7 24. Qd5 Rc8 25. Re4 h6 26. h4 c2 27. Re1 Qc6
28. Qxc6 Rxc6 29. d7 Kh7 30. Re4 d3 31. Rd4 Bxd4 32. d8=Q d2 33. Qxd4 c1=Q 0-1

[Event "2.BLO 1617 Bad Mergentheim - SK König "]
[Site "?"]
[Date "2016.12.04"]
[Round "6.2"]
[White "Karpatchev, Aleksandr"]
[Black "Kunze, Carlo"]
[Result "1-0"]
[WhiteElo "2495"]
[BlackElo "2265"]
[PlyCount "59"]
[EventDate "2016.??.??"]

1. e4 d6 2. d4 Nf6 3. Nc3 Nbd7 4. Nf3 e5 5. Bc4 Be7 6. O-O O-O 7. a4 c6 8. Re1
b6 9. Ba2 a6 10. h3 Rb8 11. Be3 b5 12. axb5 axb5 13. b4 Qc7 14. Qd3 exd4 15.
Nxd4 Ne5 16. Qe2 Re8 17. f4 Ng6 18. Qd3 Bf8 19. Bb3 Bd7 20. Nf3 d5 21. Ra7 Qc8
22. f5 dxe4 23. Nxe4 Rxe4 24. fxg6 Bf5 25. Rxf7 Rc4 26. Bxc4 bxc4 27. Rxf8+
Kxf8 28. Qxc4 Nd5 29. gxh7 Bxh7 30. Ne5 1-0

[Event "2.BLO 1617 Bad Mergentheim - SK König "]
[Site "?"]
[Date "2016.12.04"]
[Round "6.3"]
[White "Espig, Lutz"]
[Black "Gasthofer, Alexander"]
[Result "1/2-1/2"]
[WhiteElo "2259"]
[BlackElo "2437"]
[PlyCount "98"]
[EventDate "2016.??.??"]

1. Nf3 d5 2. g3 Nc6 3. d4 Bg4 4. Bg2 e6 5. O-O Bd6 6. c4 Nf6 7. b3 O-O 8. Bb2
Ne4 9. Nc3 Nxc3 10. Bxc3 Re8 11. Qd2 Be7 12. Qb2 a5 13. Rfe1 Bb4 14. Rad1 Qe7
15. e4 dxc4 16. d5 Bxc3 17. Qxc3 Qb4 18. Qxb4 Nxb4 19. bxc4 Nxa2 20. Rd2 Nb4
21. Ne5 Bh5 22. g4 exd5 23. gxh5 Rxe5 24. f4 Re6 25. cxd5 Rb6 26. e5 Kf8 27.
Bf1 a4 28. Bc4 a3 29. d6 a2 30. dxc7 a1=Q 31. Rxa1 Rxa1+ 32. Kg2 Rc6 33. Bb5
Ra8 34. Rd8+ Ke7 35. Bxc6 Rxd8 36. cxd8=Q+ Kxd8 37. Bxb7 h6 38. Kf3 Nd3 39. Bd5
Ke7 40. Ke4 Nc5+ 41. Kf5 Nd3 42. Bc4 Nf2 43. Be2 Kf8 44. e6 fxe6+ 45. Ke5 Kf7
46. Kd4 Nh3 47. Ke3 g5 48. hxg6+ Kxg6 49. Bg4 Nxf4 1/2-1/2

[Event "2.BLO 1617 Bad Mergentheim - SK König "]
[Site "?"]
[Date "2016.12.04"]
[Round "6.4"]
[White "Ivanov, Mikail"]
[Black "Kuraszkiewicz, Michael"]
[Result "1/2-1/2"]
[WhiteElo "2412"]
[BlackElo "2305"]
[PlyCount "54"]
[EventDate "2016.??.??"]

1. d4 Nf6 2. c4 g6 3. g3 Bg7 4. Bg2 O-O 5. Nc3 d6 6. Nf3 Nbd7 7. O-O e5 8. e4
exd4 9. Nxd4 Re8 10. h3 a6 11. Re1 Rb8 12. a4 a5 13. Ndb5 Nc5 14. Ra2 Bd7 15.
b3 Bc6 16. Rae2 Nfd7 17. f4 Na6 18. Bb2 Bxb5 19. Nxb5 Bxb2 20. Rxb2 Ndc5 21.
Qd4 Nb4 22. Rd1 Qe7 23. Nc3 Rbd8 24. Kh2 Nc6 25. Qf2 Nb4 26. Qd4 Nc6 27. Qf2
Nb4 1/2-1/2

[Event "2.BLO 1617 Bad Mergentheim - SK König "]
[Site "?"]
[Date "2016.12.04"]
[Round "6.5"]
[White "Sandner, Gunter"]
[Black "Panzalovic, Srdjan"]
[Result "0-1"]
[WhiteElo "2280"]
[BlackElo "2428"]
[PlyCount "128"]
[EventDate "2016.??.??"]

1. Nf3 c5 2. e4 e6 3. d4 cxd4 4. Nxd4 a6 5. Nc3 Qc7 6. g3 Bb4 7. Qd3 Nc6 8.
Nxc6 bxc6 9. Qd4 Bf8 10. Be3 d6 11. Bg2 e5 12. Qd2 Nf6 13. h3 Be7 14. O-O O-O
15. Rad1 Rd8 16. Na4 Rb8 17. c4 Be6 18. Qc3 Qb7 19. b3 c5 20. Qc2 Nd7 21. Nc3
Rbc8 22. f4 f6 23. Kh2 Nb8 24. h4 Nc6 25. Bh3 Bxh3 26. Kxh3 exf4 27. gxf4 Re8
28. Rg1 Bf8 29. Nd5 Qf7 30. f5 Ne7 31. Bf4 Nxd5 32. Rxd5 Rcd8 33. Re1 Kh8 34.
Qd1 Qe7 35. Qd3 a5 36. Kg3 a4 37. bxa4 Qd7 38. Kf3 Qxa4 39. Re2 Qa6 40. Rb2 h6
41. Qb3 Qa8 42. Qb7 Qa5 43. Qb3 Qa8 44. Qc3 Rd7 45. a3 Ra7 46. Rb3 Kh7 47. Qd3
Ra6 48. Bc1 Rb8 49. Rb5 Rab6 50. Qb3 Rxb5 51. cxb5 Qa5 52. a4 Qe1 53. Rd1 Qxh4
54. Qc2 Qh3+ 55. Kf4 Re8 56. Qd3 Qh2+ 57. Kf3 Qh5+ 58. Kf4 d5 59. Qxd5 Be7 60.
Rd2 Qh1 61. Qf7 Bd6+ 62. e5 Bxe5+ 63. Ke3 Bd4+ 64. Kd3 Re3+ 0-1

[Event "2.BLO 1617 Bad Mergentheim - SK König "]
[Site "?"]
[Date "2016.12.04"]
[Round "6.6"]
[White "Raps, Johannes"]
[Black "Pfretzschner, Roland"]
[Result "1/2-1/2"]
[WhiteElo "2178"]
[BlackElo "2207"]
[PlyCount "63"]
[EventDate "2016.??.??"]

1. d4 c5 2. c3 Nf6 3. Nf3 b6 4. g3 Bb7 5. Bg2 e6 6. O-O Be7 7. b3 O-O 8. Bb2
Qc7 9. Nbd2 Ne4 10. Rc1 d6 11. Nxe4 Bxe4 12. Qd2 Nd7 13. Rfd1 Rad8 14. c4 h6
15. Ne1 Bxg2 16. Nxg2 Qb7 17. Nf4 Nf6 18. dxc5 Ne4 19. Qe3 bxc5 20. Qf3 Rd7 21.
Nh5 e5 22. Qg4 Bg5 23. f4 f5 24. Qf3 exf4 25. gxf4 Bh4 26. Rd5 g6 27. Ng3 Bf6
28. Bxf6 Nxf6 29. Rd3 Ne4 30. Rcd1 Re8 31. Qg2 Kf7 32. Nxe4 1/2-1/2

[Event "2.BLO 1617 Bad Mergentheim - SK König "]
[Site "?"]
[Date "2016.12.04"]
[Round "6.7"]
[White "Hoerr, Matthias"]
[Black "Gross, Willi"]
[Result "1/2-1/2"]
[WhiteElo "2183"]
[BlackElo "2144"]
[PlyCount "115"]
[EventDate "2016.??.??"]

1. e4 c5 2. Nc3 Nc6 3. Nge2 g6 4. d4 cxd4 5. Nxd4 Bg7 6. Be3 Nf6 7. Bc4 Qa5 8.
O-O O-O 9. Bb3 d6 10. h3 Bd7 11. Re1 Rac8 12. Qe2 Nxd4 13. Bxd4 Nh5 14. Bxg7
Kxg7 15. Rad1 Nf4 16. Qf3 Qg5 17. Kh1 Rc5 18. Nd5 Nxd5 19. exd5 b5 20. c3 a5
21. a3 Rb8 22. Rd4 f5 23. Rd3 Re8 24. Rde3 Rc7 25. Qe2 Kf8 26. f4 Qf6 27. g3 b4
28. axb4 axb4 29. c4 Ra7 30. Kh2 Ba4 31. Re6 Qg7 32. Qe3 Bxb3 33. Qxb3 Rb8 34.
Qe3 Qxb2+ 35. Re2 Qa3 36. Qd4 Qa1 37. Qxa1 Rxa1 38. Rxe7 b3 39. Rxh7 Rba8 40.
Rh8+ Kf7 41. Rh7+ Kg8 42. Rb7 R1a2 43. Rg2 R8a3 44. g4 Rc2 45. Kg3 fxg4 46.
hxg4 Rxc4 47. Kh4 Rxf4 48. Kg5 Rf7 49. Rb6 Ra2 50. Rg3 Ra5 51. Rd3 Kg7 52. Rxd6
Rb5 53. Rd1 b2 54. Rb1 Kh7 55. Rh1+ Kg8 56. Rb1 Kh7 57. Rh1+ Kg8 58. Rb1
1/2-1/2

[Event "2.BLO 1617 Bad Mergentheim - SK König "]
[Site "?"]
[Date "2016.12.04"]
[Round "6.8"]
[White "Schmitt, Philipp"]
[Black "Fischer, Edwin"]
[Result "1-0"]
[WhiteElo "2197"]
[BlackElo "2124"]
[PlyCount "131"]
[EventDate "2016.??.??"]

1. e4 e5 2. Nf3 Nc6 3. Bc4 Nf6 4. d3 Be7 5. O-O O-O 6. Re1 d6 7. c3 h6 8. Bb3
Nh7 9. Nbd2 Ng5 10. h3 Bf6 11. Nf1 Nxf3+ 12. Qxf3 Bg5 13. Ne3 Bxe3 14. Bxe3 Be6
15. Bc2 f5 16. exf5 Bxf5 17. Qh5 Qe8 18. Qxe8 Raxe8 19. b4 a6 20. a4 Nd8 21.
Rad1 Kh8 22. Bb3 Be6 23. Bc2 Bf5 24. Rd2 Ne6 25. Bb3 Nf4 26. d4 exd4 27. Rxd4
Ng6 28. b5 axb5 29. axb5 Be6 30. Bc2 Ne5 31. b6 cxb6 32. Rxd6 Nc4 33. Rd4 b5
34. Be4 Bc8 35. Bd3 Rd8 36. Rxd8 Rxd8 37. Bd4 Rg8 38. Re7 Nd6 39. Rc7 Be6 40.
Be5 Nf7 41. Bf4 Rc8 42. Rxc8+ Bxc8 43. Bxb5 Be6 44. Kf1 Nd8 45. Ke2 Nc6 46. Bd6
g5 47. Bf8 h5 48. Bh6 g4 49. hxg4 hxg4 50. Bd3 Bd5 51. g3 Ne7 52. Ke3 Bf3 53.
c4 Nc8 54. Bf8 Kg8 55. Bc5 b6 56. Bd4 Kf7 57. Kf4 Bd1 58. c5 bxc5 59. Bxc5 Ne7
60. Bxe7 Kxe7 61. Bf5 Kf6 62. Bxg4 Bc2 63. Bf3 Bb3 64. Be4 Bc4 65. g4 Bf7 66.
g5+ 1-0

[Event "2.BLO 1617 SK Göggingen - Erfurter SK"]
[Site "?"]
[Date "2016.12.04"]
[Round "6.1"]
[White "Mihok, Oliver"]
[Black "Rozentalis, Eduardas"]
[Result "1/2-1/2"]
[WhiteElo "2502"]
[BlackElo "2577"]
[PlyCount "78"]
[EventDate "2016.??.??"]

1. e4 e6 2. d4 d5 3. Nc3 dxe4 4. Nxe4 Bd7 5. Nf3 Bc6 6. Bd3 Nd7 7. c3 Ngf6 8.
Nxf6+ Nxf6 9. Bf4 Bxf3 10. Qxf3 c6 11. O-O Bd6 12. Be5 Bxe5 13. dxe5 Nd7 14.
Qg3 g6 15. Rad1 Qa5 16. Rfe1 O-O-O 17. a4 Qxa4 18. Ra1 Qb3 19. Rxa7 Nb8 20. Qe3
Rd7 21. Rb1 Kc7 22. Ra3 Qb6 23. Qf3 Qc5 24. Qf6 Rhd8 25. Bf1 Qe7 26. Qf4 Rd1
27. Raa1 Rxb1 28. Rxb1 Nd7 29. b4 Nb6 30. c4 h5 31. h4 Ra8 32. g3 Ra4 33. Qf3
Nd7 34. Qb3 Ra8 35. Qe3 Nb6 36. c5 Nd5 37. Qb3 Kd8 38. Bg2 Ke8 39. Re1 Kf8
1/2-1/2

[Event "2.BLO 1617 SK Göggingen - Erfurter SK"]
[Site "?"]
[Date "2016.12.04"]
[Round "6.2"]
[White "Kulaots, Kaido"]
[Black "Braeuer, Franz"]
[Result "1-0"]
[WhiteElo "2556"]
[BlackElo "2414"]
[PlyCount "75"]
[EventDate "2016.??.??"]

1. e4 e5 2. Nf3 Nc6 3. Bb5 a6 4. Ba4 Nf6 5. O-O Be7 6. Re1 b5 7. Bb3 O-O 8. a4
Bb7 9. d3 d6 10. Nbd2 Nd7 11. c3 Nc5 12. Bc2 bxa4 13. d4 exd4 14. cxd4 Nd7 15.
Bxa4 Nb6 16. Bc2 Nb4 17. Bb1 c5 18. Nb3 Bc6 19. Na5 Bb5 20. Bd2 Nc6 21. Nxc6
Bxc6 22. Qc2 Re8 23. Ba5 Rb8 24. h4 g6 25. Ba2 Bb5 26. h5 Qc8 27. hxg6 hxg6 28.
e5 c4 29. e6 f5 30. Qd2 Kh7 31. d5 Na4 32. Ng5+ Kg7 33. Nf7 g5 34. Nxd6 Bxd6
35. Qxg5+ Kh8 36. Qh6+ Kg8 37. Qg6+ Kh8 38. Re3 1-0

[Event "2.BLO 1617 SK Göggingen - Erfurter SK"]
[Site "?"]
[Date "2016.12.04"]
[Round "6.3"]
[White "Kuczynski, Robert"]
[Black "Arnaudov, G. Petar"]
[Result "1-0"]
[WhiteElo "2490"]
[BlackElo "2469"]
[PlyCount "83"]
[EventDate "2016.??.??"]

1. e4 e5 2. Nf3 Nc6 3. Bc4 Bc5 4. c3 Nf6 5. d3 O-O 6. O-O d5 7. exd5 Nxd5 8.
Re1 Bg4 9. h3 Bh5 10. Nbd2 Nb6 11. Bb5 Bd6 12. Ne4 f5 13. Ng3 Bxf3 14. Qxf3 Qd7
15. a4 a6 16. Bxc6 bxc6 17. a5 Nd5 18. Ra4 Rae8 19. Nf1 e4 20. dxe4 fxe4 21.
Qe2 Qf7 22. Be3 Re6 23. Rd4 Qf5 24. Rd2 Nxe3 25. Nxe3 Qxa5 26. Qc4 Rfe8 27. Nf1
Qb5 28. Rxe4 Qxc4 29. Rxc4 Re1 30. g3 Rb1 31. Kg2 c5 32. Ra4 Rb8 33. Ra2 h5 34.
h4 Be7 35. Ne3 Kf7 36. Nc4 Ra8 37. Rd7 Rc1 38. Rxc7 Rc2 39. Ne3 Rd2 40. Nf5 Rf8
41. Rxe7+ Kf6 42. Re3 1-0

[Event "2.BLO 1617 SK Göggingen - Erfurter SK"]
[Site "?"]
[Date "2016.12.04"]
[Round "6.4"]
[White "Nestorovic, Nikola"]
[Black "Enders, Peter"]
[Result "1/2-1/2"]
[WhiteElo "2499"]
[BlackElo "2446"]
[PlyCount "28"]
[EventDate "2016.??.??"]

1. e4 e6 2. d4 d5 3. Nc3 Bb4 4. e5 c5 5. a3 Bxc3+ 6. bxc3 Nc6 7. Qg4 g6 8. a4
Qa5 9. Bd2 c4 10. h4 h6 11. h5 g5 12. Qd1 f5 13. g4 f4 14. Bg2 Nge7 1/2-1/2

[Event "2.BLO 1617 SK Göggingen - Erfurter SK"]
[Site "?"]
[Date "2016.12.04"]
[Round "6.6"]
[White "Stankovic, Milos"]
[Black "Voekler, Bernd"]
[Result "1/2-1/2"]
[WhiteElo "2381"]
[BlackElo "2355"]
[PlyCount "22"]
[EventDate "2016.??.??"]

1. e4 c5 2. Nf3 d6 3. Bb5+ Bd7 4. Bxd7+ Qxd7 5. O-O Nc6 6. Qe2 Nf6 7. Rd1 e6 8.
d4 cxd4 9. Nxd4 Be7 10. c4 Nxd4 11. Rxd4 Qc6 1/2-1/2

[Event "2.BLO 1617 SK Göggingen - Erfurter SK"]
[Site "?"]
[Date "2016.12.04"]
[Round "6.7"]
[White "Troyke, Christian"]
[Black "Schmittdiel, Eckhard"]
[Result "1/2-1/2"]
[WhiteElo "2347"]
[BlackElo "2451"]
[PlyCount "98"]
[EventDate "2016.??.??"]

1. g3 c5 2. Bg2 Nc6 3. c4 e5 4. Nc3 d6 5. a3 f5 6. d3 Nf6 7. Rb1 Bd7 8. b4 Rb8
9. b5 Ne7 10. e4 g6 11. Nge2 Bg7 12. O-O O-O 13. h3 h6 14. f4 Kh7 15. Be3 Qc7
16. Qd2 Be6 17. Nd5 Nexd5 18. cxd5 Bd7 19. fxe5 dxe5 20. Rfc1 b6 21. exf5 Bxf5
22. g4 Bd7 23. d4 exd4 24. Nxd4 Rbe8 25. Nc6 Nxd5 26. Bxc5 bxc5 27. Qxd5 Re2
28. Re1 Rff2 29. Rxe2 Rxe2 30. Qd3 Ra2 31. Rd1 Be8 32. Re1 Bf7 33. Qf3 Bc4 34.
Ne7 Qd6 35. Qc6 Qd4+ 36. Kh1 Bf7 37. Qf3 Rf2 38. Qe4 Qb2 39. h4 Qf6 40. h5 Qh4+
41. Kg1 Bd4 42. hxg6+ Kg7 43. Re3 Rf6 44. gxf7 Qf2+ 45. Kh2 Bxe3 46. Nf5+ Rxf5
47. gxf5 Qf4+ 48. Kh3 Qxe4 49. Bxe4 Kxf7 1/2-1/2

[Event "2.BLO 1617 Nickelhütte Aue - Bindl Akt"]
[Site "?"]
[Date "2016.10.14"]
[Round "6.1"]
[White "Petr, Martin"]
[Black "Papp, Gabor"]
[Result "1-0"]
[WhiteElo "2493"]
[BlackElo "2583"]
[PlyCount "79"]
[EventDate "2016.??.??"]

1. d4 Nf6 2. Nf3 c5 3. c4 cxd4 4. Nxd4 Nc6 5. Nc3 e6 6. e3 Bb4 7. Ndb5 Ne4 8.
Qc2 Nxc3 9. Nxc3 O-O 10. a3 Be7 11. Bd3 f5 12. O-O b6 13. f4 Bb7 14. b4 Bf6 15.
Bb2 Rc8 16. Rad1 Qe7 17. e4 Bd4+ 18. Kh1 g6 19. Be2 fxe4 20. Qxe4 Qg7 21. Qd3
e5 22. Bf3 d6 23. Bd5+ Kh8 24. Ba1 Nd8 25. fxe5 Rxf1+ 26. Qxf1 Bxe5 27. Nb5
Bxa1 28. Nxd6 Be5 29. Bxb7 Rb8 30. Be4 Qf6 31. Qxf6+ Bxf6 32. Bd5 Be7 33. Nb5
a5 34. Re1 Bf8 35. Re8 Kg7 36. Nd4 axb4 37. axb4 Bxb4 38. Rxd8 Rxd8 39. Ne6+
Kf6 40. Nxd8 1-0

[Event "2.BLO 1617 Nickelhütte Aue - Bindl Akt"]
[Site "?"]
[Date "2016.10.14"]
[Round "6.2"]
[White "Prohaszka, Peter"]
[Black "Kriebel, Tadeas"]
[Result "1/2-1/2"]
[WhiteElo "2591"]
[BlackElo "2445"]
[PlyCount "40"]
[EventDate "2016.??.??"]

1. Nf3 Nf6 2. c4 e6 3. g3 d5 4. d4 dxc4 5. Bg2 Nc6 6. Qa4 Bb4+ 7. Bd2 Nd5 8.
Qb5 O-O 9. Qxc4 Nb6 10. Qd3 e5 11. Bxb4 Nxb4 12. Qd2 a5 13. a3 Nc6 14. dxe5 Qe7
15. O-O Rd8 16. Qf4 Nd5 17. Qe4 Nf6 18. Qf4 Nd5 19. Qe4 Nf6 20. Qf4 Nd5 1/2-1/2

[Event "2.BLO 1617 Nickelhütte Aue - Bindl Akt"]
[Site "?"]
[Date "2016.10.14"]
[Round "6.3"]
[White "Neuman, Petr"]
[Black "Meijers, Viesturs"]
[Result "1/2-1/2"]
[WhiteElo "2423"]
[BlackElo "2455"]
[PlyCount "49"]
[EventDate "2016.??.??"]

1. d4 Nf6 2. c4 e6 3. Nc3 Bb4 4. e3 Bxc3+ 5. bxc3 d6 6. Bd3 c5 7. e4 e5 8. Ne2
Nc6 9. d5 Ne7 10. f3 h5 11. h4 Ng6 12. Bg5 Qa5 13. Qd2 Nh7 14. Be3 Qd8 15. Ng3
Nf6 16. Bg5 Qc7 17. Nf5 Kf8 18. g3 Bd7 19. a4 b6 20. O-O Re8 21. Kh2 Nh7 22.
Be3 Nf6 23. Bg5 Nh7 24. Be3 Nf6 25. Bg5 1/2-1/2

[Event "2.BLO 1617 Nickelhütte Aue - Bindl Akt"]
[Site "?"]
[Date "2016.10.14"]
[Round "6.4"]
[White "Slobodjan, Roman"]
[Black "Cech, Pavel"]
[Result "1/2-1/2"]
[WhiteElo "2464"]
[BlackElo "2355"]
[PlyCount "61"]
[EventDate "2016.??.??"]

1. e4 e6 2. d4 d5 3. Nd2 Nf6 4. e5 Nfd7 5. Bd3 c5 6. c3 Nc6 7. Ne2 cxd4 8. cxd4
f6 9. exf6 Nxf6 10. Nf3 Bd6 11. O-O Qc7 12. h3 O-O 13. Be3 Bd7 14. Re1 Rae8 15.
Nc3 a6 16. Rc1 Qb8 17. a3 Re7 18. b4 Be8 19. b5 axb5 20. Nxb5 Bh5 21. Be2 Bf4
22. Bxf4 Qxf4 23. Qd2 Qxd2 24. Nxd2 Bxe2 25. Rxe2 e5 26. dxe5 Rxe5 27. Rxe5
Nxe5 28. Rc7 Rf7 29. Rc8+ Rf8 30. Rc7 Rf7 31. Rc8+ 1/2-1/2

[Event "2.BLO 1617 Nickelhütte Aue - Bindl Akt"]
[Site "?"]
[Date "2016.10.14"]
[Round "6.5"]
[White "Krensing, Jan"]
[Black "Gaponenko, Inna"]
[Result "1/2-1/2"]
[WhiteElo "2325"]
[BlackElo "2421"]
[PlyCount "215"]
[EventDate "2016.??.??"]

1. d4 Nf6 2. c4 g6 3. Nf3 Bg7 4. g3 c5 5. Bg2 Qa5+ 6. Bd2 Qb6 7. Bc3 Ne4 8. O-O
Nc6 9. dxc5 Nxc3 10. Nxc3 Qxb2 11. Nd5 O-O 12. Qa4 e6 13. Rab1 Qxe2 14. Rfe1
Qd3 15. Ne3 Qc3 16. Red1 Qa5 17. Qxa5 Nxa5 18. Nd4 a6 19. Nb3 Nxb3 20. Rxb3 Rb8
21. Nc2 Re8 22. Nb4 b5 23. Nd3 Bb7 24. Bxb7 Rxb7 25. a4 b4 26. Rxb4 Rxb4 27.
Nxb4 a5 28. Na6 Ra8 29. Nc7 Rc8 30. Rxd7 Be5 31. Nb5 Rxc5 32. Ra7 Rxc4 33. Rxa5
Kg7 34. Ra7 Rb4 35. h4 h6 36. Kg2 g5 37. hxg5 hxg5 38. Kf3 g4+ 39. Ke2 Kf6 40.
Ke3 Rb3+ 41. Ke2 Rb2+ 42. Ke3 Kg6 43. Rd7 Rb4 44. Ra7 Rb3+ 45. Ke2 Rb2+ 46. Kf1
f6 47. Ra6 Kf5 48. Kg2 Rb4 49. Ra8 Ke4 50. Re8 Rxa4 51. Rxe6 Kd5 52. Nc7+ Bxc7
53. Rxf6 Be5 54. Rf8 Ra2 55. Rg8 Bd4 56. Rg5+ Kc4 57. Rxg4 Rxf2+ 58. Kh3 Kd5
59. Rf4 Ra2 60. Kg4 Be5 61. Rf3 Ke4 62. Rb3 Ra8 63. Kh3 Bd4 64. Kg4 Ra4 65. Kh3
Ra7 66. Kg4 Ra8 67. Rb7 Rg8+ 68. Kh3 Rg6 69. Kg2 Ra6 70. Rb3 Ra2+ 71. Kh3 Be3
72. Rb7 Kf3 73. Rf7+ Ke2 74. Rf8 Ra7 75. Kg2 Rg7 76. Re8 Rf7 77. Re6 Kd3 78.
Rd6+ Bd4 79. Re6 Rf5 80. Re8 Be5 81. Ra8 Ke4 82. Ra4+ Bd4 83. Ra3 Rf2+ 84. Kh3
Rc2 85. Kg4 Rc8 86. Kh3 Be3 87. Ra6 Bg5 88. Kg4 Rg8 89. Re6+ Kd5 90. Re2 Bf6+
91. Kh3 Be5 92. Re3 Kd4 93. Ra3 Ke4 94. Kg2 Kf5 95. Rf3+ Kg4 96. Re3 Bc7 97.
Rc3 Rg7 98. Rc4+ Kf5 99. Rc3 Ke4 100. Ra3 Bd6 101. Rb3 Be5 102. Ra3 Rb7 103.
Ra4+ Bd4 104. Ra8 Rb3 105. Ra4 Rd3 106. Ra8 Be5 107. Rg8 Bd6 108. Rg7 1/2-1/2

[Event "2.BLO 1617 Nickelhütte Aue - Bindl Akt"]
[Site "?"]
[Date "2016.10.14"]
[Round "6.6"]
[White "Eichner, Sebastian"]
[Black "Wetscherek, Andreas"]
[Result "1-0"]
[WhiteElo "2364"]
[BlackElo "2319"]
[PlyCount "127"]
[EventDate "2016.??.??"]

1. e4 e5 2. Nf3 Nc6 3. Bc4 Bc5 4. c3 Nf6 5. d4 exd4 6. cxd4 Bb4+ 7. Nc3 Nxe4 8.
O-O Bxc3 9. bxc3 d5 10. Ba3 dxc4 11. Re1 Be6 12. Rxe4 Qd5 13. Re3 O-O-O 14. Nd2
Rhe8 15. Qa4 Qa5 16. Qxa5 Nxa5 17. Rae1 Kd7 18. Re5 b6 19. d5 Bg4 20. Be7 Rb8
21. Bb4 Rxe5 22. Rxe5 c5 23. Bxa5 bxa5 24. f3 f6 25. Re3 Bf5 26. Nxc4 Rb1+ 27.
Kf2 Rd1 28. g4 Bb1 29. d6 Bxa2 30. Re7+ Kc8 31. Rc7+ Kb8 32. Nxa5 Rxd6 33. Rxg7
Bd5 34. c4 Ra6 35. cxd5 Rxa5 36. d6 Kc8 37. Rxh7 Ra6 38. Rc7+ Kd8 39. Rxc5 Rxd6
40. h4 Kd7 41. h5 Ke6 42. Kg3 Ra6 43. Rc7 Ra1 44. h6 a5 45. h7 Rh1 46. Ra7 a4
47. Kf4 a3 48. Ra6+ Kd5 49. Ra5+ Ke6 50. Rxa3 Rxh7 51. Ra6+ Kd5 52. Rxf6 Rh1
53. g5 Rg1 54. g6 Rg2 55. Kf5 Rg3 56. f4 Rg1 57. Ra6 Rg2 58. Kf6 Ke4 59. Ra4+
Kd5 60. f5 Rb2 61. g7 Rb6+ 62. Kf7 Rb7+ 63. Kg6 Rb6+ 64. f6 1-0

[Event "2.BLO 1617 Nickelhütte Aue - Bindl Akt"]
[Site "?"]
[Date "2016.10.14"]
[Round "6.7"]
[White "Loew, Gerald"]
[Black "Spiess, Gunter"]
[Result "1/2-1/2"]
[WhiteElo "2251"]
[BlackElo "2425"]
[PlyCount "42"]
[EventDate "2016.??.??"]

1. c4 c6 2. g3 d5 3. Bg2 Nf6 4. Nf3 Bg4 5. Ne5 Bf5 6. cxd5 cxd5 7. Nc3 Nc6 8.
Nxc6 bxc6 9. Qa4 Qd7 10. d3 e6 11. e4 Bg6 12. O-O Be7 13. Re1 O-O 14. exd5 exd5
15. Bf4 Rfe8 16. d4 Qb7 17. Re2 Bh5 18. Rc2 Bg6 19. Re2 Bh5 20. Rc2 Bg6 21. Re2
Bh5 1/2-1/2

[Event "2.BLO 1617 Nickelhütte Aue - Bindl Akt"]
[Site "?"]
[Date "2016.10.14"]
[Round "6.8"]
[White "Londyn, Radek"]
[Black "Birkholz, Olga"]
[Result "1-0"]
[WhiteElo "2422"]
[BlackElo "2064"]
[PlyCount "197"]
[EventDate "2016.??.??"]

1. d4 g6 2. Nf3 Bg7 3. g3 f5 4. Bg2 Nf6 5. O-O O-O 6. c3 Kh8 7. Nbd2 Qe8 8. Qc2
Nc6 9. e4 d6 10. e5 dxe5 11. Nxe5 Nxe5 12. dxe5 Ng4 13. Nf3 Nxe5 14. Nxe5 Bxe5
15. Re1 Bf6 16. Bf4 c6 17. Rad1 g5 18. Bc7 Qf7 19. b3 Be6 20. c4 Rac8 21. Ba5
b6 22. Bc3 Rc7 23. Be5 Bxe5 24. Rxe5 Qf6 25. Rde1 Bc8 26. Qe2 Rf7 27. f4 gxf4
28. gxf4 Rg7 29. Qh5 c5 30. R1e3 e6 31. Rg3 Rxg3 32. hxg3 Qg6 33. Qf3 Bb7 34.
Qd3 Rg7 35. Bxb7 Rxb7 36. Qd8+ Kg7 37. Kg2 Qf7 38. Qg5+ Kh8 39. Qh6 Re7 40. a3
Re8 41. b4 cxb4 42. axb4 Qd7 43. Qf6+ Kg8 44. Qg5+ Kh8 45. Qh5 Rc8 46. Qe2 Qc6+
47. Kf2 Qxc4 48. Rxe6 Qxe2+ 49. Rxe2 Rc4 50. b5 Rc5 51. Re7 Rxb5 52. Rxa7 Rd5
53. Rb7 b5 54. Kg2 Kg8 55. Kh3 Rc5 56. Kh4 h6 57. Kh5 Rc3 58. Kh4 Rc1 59. Kh3
Rb1 60. Kg2 Rb2+ 61. Kf3 Rb3+ 62. Kf2 h5 63. Kg2 Rb2+ 64. Kh3 Rb1 65. Kh4 Rh1+
66. Kg5 Rh3 67. Rxb5 Rxg3+ 68. Kxh5 Kf7 69. Rxf5+ Ke6 70. Rg5 Rf3 71. Kg4 Rf1
72. Rg6+ Kf7 73. Ra6 Rb1 74. Kg5 Rb7 75. f5 Rc7 76. Rh6 Rc1 77. Rh7+ Kg8 78.
Re7 Rg1+ 79. Kf6 Ra1 80. Re8+ Kh7 81. Kf7 Ra5 82. f6 Ra1 83. Re7 Ra8 84. Rd7
Rb8 85. Rd1 Rb7+ 86. Ke6 Rb6+ 87. Rd6 Rb1 88. Rd7+ Kh6 89. Rd8 Rb6+ 90. Ke7
Rb7+ 91. Rd7 Rb8 92. Ra7 Rc8 93. Ra2 Kh7 94. Rh2+ Kg6 95. Rg2+ Kf5 96. Rf2+ Kg6
97. f7 Rc7+ 98. Ke6 Rc6+ 99. Kd5 1-0

[Event "2.BLO 1617 SK Passau - Erfurter SK"]
[Site "?"]
[Date "2017.02.18"]
[Round "7.1"]
[White "Braeuer, Franz"]
[Black "Schwabeneder, Florian"]
[Result "1/2-1/2"]
[WhiteElo "2420"]
[BlackElo "2358"]
[PlyCount "53"]
[EventDate "2017.??.??"]

1. e4 e6 2. d4 d5 3. Nd2 a6 4. Ngf3 c5 5. exd5 exd5 6. Be2 Nf6 7. O-O Be7 8.
dxc5 Bxc5 9. Nb3 Ba7 10. Bg5 O-O 11. Nfd4 Qd6 12. Bh4 Re8 13. Qd3 Nc6 14. Nxc6
bxc6 15. Bf3 Ne4 16. Rae1 Bf5 17. Qd1 Qf4 18. Bxe4 Bxe4 19. Bg3 Qf6 20. c3 h6
21. Kh1 Qg6 22. Nc1 Bc2 23. Qd2 Rad8 24. Bc7 Rc8 25. Bf4 Be4 26. f3 Bf5 27.
Rxe8+ {(=)} 1/2-1/2